000
00230nam a22000857a 4500
008
160916b xxu||||| |||| 00| 0 eng d
100
_9
595
_a
Gupta.K.K.etal
245
_a
Every Day Science-7
260
_a
New Delhi
_b
Frank Publications
_c
2012
999
_c
3251
_d
3251